| 000 | 00690nam a2200205 i 4500 | ||
|---|---|---|---|
| 001 | bg | ||
| 245 | 0 |
_aFilozofia marksistowska : _bpodręcznik akademicki do przedmiotu Podstawy Marksistowsko-leninowskiej filozofii i socjologii / _c[red. nauk. Józef Grudzień et al.] ; [aut. Jakub Banaszkiewicz et al.]. |
|
| 250 | _aWyd. 6. | ||
| 260 |
_aWarszawa : _bPaństwowe Wydaw. Naukowe, _c1979. |
||
| 300 |
_a849, [2] s. ; _c21 cm. |
||
| 700 | 1 |
_aGRUDZIEŃ, Józef. _ered. nauk. |
|
| 700 | 1 | _aBANASZKIEWICZ, Jakub. | |
| 020 | _a830101649 | ||
| 040 | _cBPK | ||
| 041 | _apol | ||
| 080 | _a141.82(075.8) | ||
| 920 | _a83-01-0164-9 | ||
| 942 | _cKS | ||
| 008 | s pl f |000 0 pol | ||
| 999 |
_c2936 _d2936 |
||
| 856 |
_uhttp://koha.tu.koszalin.pl/cgi-bin/koha/opac-detail.pl?biblionumber=2936 _yKatalog online BPK |
||